000 00737nam a2200217Ia 4500
003 GCL
008 140319s9999 xx 000 0 ara d
040 _aGCL /
_cGCL
082 0 4 _a345.04
_bع ع
100 1 _aعبدالفتاح محمد ابوالعينين
245 1 0 _aعقوبة السرقة فى الفقه الاسلامى /
_cعبدالفتاح محمد ابوالعينين
260 _a[S.N] :
_bلجنة الاعلام والدراسات المستقبلية ،
_c1983
300 _a375 ص
490 _a
650 0 4 _aالقانون
650 0 4 _aقانون المرافعات
650 0 4 _aالشريعة الاسلامية
650 0 4 _aالفقه الاسلامى
650 0 4 _aالسرقة
942 _2ddc
_cBK
999 _c55079
_d55079